00828 2200289 4500001002100000005001500021035002000036007000300056008004100059040001700100100001900117245011400136250001000250300003100260020002200291041000800313082000800321084001400329090001900343260003800362500002800400850001000428990002500438990002500463990002500488990002500513INLIS00000000000241420260602101100 a0010-0220000265ta260602 0  aSBPUPADbInd aLuthfi Subagio1 aTiga Ratus Enam Puluh Lima Kutipan Inspiratif Untuk Para Ayah /cLuthfi Subagio, Penyunting: Ayuninda Erdiani aCet.1 a246 hlm. :bilus. ;c18 Cm a978-602-0869-59-90 aInd a150 a150 LUT t a150 LUT t 1-23 aYogyakarta :bIndoliterasi,c2016 aProfil Penulis, 245 hlm aPUPAD a32.290/APBD/DAK/2019 a32.287/APBD/DPK/2019 a32.288/APBD/DPK/2019 a32.289/APBD/DPK/2019